The creative nursery center : a unified service to children and parents, by Winifred Y. Allen [and] Doris Campbell.

Bibliographic Details
Main Author: Allen, Winifred Y.
Other Authors: Campbell, Doris (Doris L.)
Format: Book
Language:English
Published: New York : Family Service Assn. of America, [1948]
Subjects:

MARC

Tag First Indicator Second Indicator Subfields
LEADER 00000cam a2200000 4500
001 in00000069231
005 20151008051413.0
008 740801s1948 nyu b 00000 eng u
010 |a  48011541  
035 |a (OCoLC)00970974 
035 |9 AAG7662AM 
040 |c CWR  |d TXA  |d UtOrBLW 
049 |a TXAM  |c [167870] 
050 0 0 |a HV851  |b .A44 
082 0 |a 362.71 
092 |a 362.71  |b A432c 
100 1 |a Allen, Winifred Y. 
245 1 4 |a The creative nursery center :  |b a unified service to children and parents, by Winifred Y. Allen [and] Doris Campbell. 
264 1 |a New York :  |b Family Service Assn. of America,  |c [1948] 
300 |a 171 pages ;  |c 24 cm. 
336 |a text  |b txt  |2 rdacontent 
337 |a unmediated  |b n  |2 rdamedia 
338 |a volume  |b nc  |2 rdacarrier 
504 |a Bibliography: pages 169-171. 
650 0 |a Day care centers. 
650 0 |a Nursery schools. 
650 0 |a Child rearing. 
700 1 |a Campbell, Doris  |q (Doris L.) 
999 |a MARS 
999 f f |s 3ae3bf2c-83ef-329b-a60c-5d42658612f7  |i 493c6492-9ed2-30eb-af73-d1e723c8b9fc  |t 0 
952 f f |p ric  |a Texas A&M University  |b Rellis Campus  |c Joint Library Facility  |d Remote Storage  |t 0  |e HV851 .A44  |h Library of Congress classification  |i unmediated -- volume  |m A14800811050 
998 f f |a HV851 .A44  |t 0  |l Remote Storage